000
00263nam a22001097a 4500
082
_a
519.5 YOU'S
100
_a
YOUNG, HUGH D
_9
3959
245
_a
STATISTICAL TREATMENT OF EXPERIMENTAL DATA
260
_a
NEWYORK
_b
MCGRAW HILL
_c
1962
300
_a
172P
942
_c
BK
999
_c
583838
_d
583838